| 000 | 01584nam0a22003011 4500 | ||
|---|---|---|---|
| 001 | rc\4489811 | ||
| 005 | 20130416172147.1 | ||
| 021 |
_aRU _b[69-88829] |
||
| 035 | _a(NLR Aleph) 008607737 | ||
| 090 |
_a8744212 _c8744212 |
||
| 100 | _a20130416g19681969|||y0rusy50 ca | ||
| 101 | 0 | _arus | |
| 102 | _aRU | ||
| 105 | _aa z ||||| | ||
| 200 | 1 |
_aКомплексно-механизированный участок эмалирования крупногабаритной химической аппаратуры _f[Объединение по руководству науч.-техн. информацией и пропагандой в РСФСР при Гос. ком. Совета Министров СССР по науке и технике. Гос. науч.-исслед. ин-т науч. и техн. информации] "ГосИНТИ" |
|
| 210 |
_aМосква _cБ. и. _d1968 [вып. дан. 1969] |
||
| 215 |
_a18 с. _cчерт. _d21 |
||
| 225 | 1 |
_aПередовой научно-технический и производственный опыт _v№ 6-68-1346/90 |
|
| 300 | _aНа 1-й с. авт.: Б.С. Калинин, М.З. Лисновский, И.Г. Маркидонов и др. | ||
| 606 |
_aХимическая аппаратура _xЭмалирование _2psbo |
||
| 701 | 1 |
_aКалинин _bБ. С. _gБорис Степанович |
|
| 701 | 1 |
_aЛисновский _bМ. З. |
|
| 701 | 1 |
_aМаркидонов _bИ. Г. |
|
| 801 | 0 |
_aRU _bNLR _gpsbo |
|
| 801 | 1 |
_aRU _bELAR _2rusmarc |
|
| 852 |
_aNLR _jП11/2295 |
||
| 942 | _cBOOK | ||
| 980 | _aNB | ||